[Event "CUPA GALACIUC 2008"]
[Site "?"]
[Date "2008.06.06"]
[Round "6.7"]
[White "Bratu, Gheorghe"]
[Black "Jugaru, Lucian"]
[Result "0-1"]
[WhiteElo "967"]
[BlackElo "907"]
[PlyCount "77"]
[EventDate "2008.06.06"]

1. e4 c5 2. Ne2 d6 3. Nbc3 Nf6 4. g3 a6 5. Bg2 e6 6. d3 Nc6 7. h3 Qc7 8. a4 b6
9. Be3 Bb7 10. O-O Be7 11. Qd2 O-O 12. g4 Rfe8 13. Ng3 Bf8 14. g5 Nd7 15. Nce2
Ne7 16. f4 g6 17. c3 f5 18. gxf6 Nxf6 19. d4 Bg7 20. Bf3 b5 21. h4 Kh8 22. Kf2
d5 23. e5 cxd4 24. Nxd4 Ne4+ 25. Bxe4 dxe4 26. axb5 Nf5 27. Rh1 Nxg3 28. Kxg3
a5 29. h5 g5 30. b6 gxf4+ 31. Bxf4 Qb8 32. Rhf1 Rg8 33. Kh4 Qd8+ 34. Bg5 Qxb6
35. Qh2 e3 36. h6 Bxh6 37. Bxh6 Qd8+ 38. Rf6 Rg2 39. Qf4 0-1

[Event "CUPA GALACIUC 2008"]
[Site "?"]
[Date "2008.06.06"]
[Round "5.4"]
[White "Jugaru, Lucian"]
[Black "Lupu, Ovidiu-Jean"]
[Result "0-1"]
[WhiteElo "907"]
[BlackElo "1096"]
[PlyCount "106"]
[EventDate "2008.06.06"]

1. e4 c6 2. d4 g6 3. Nf3 d5 4. Nbd2 Bg7 5. c3 Bg4 6. Bd3 Nf6 7. e5 Nfd7 8. h3
Bxf3 9. Nxf3 e6 10. O-O c5 11. Bf4 Nc6 12. Qd2 Qb6 13. Bc2 h6 14. Rfe1 O-O-O
15. b3 Bf8 16. Re2 g5 17. Bh2 Be7 18. c4 dxc4 19. bxc4 cxd4 20. Rb1 Bb4 21. Qd1
Qc5 22. Be4 Nb6 23. Bxc6 bxc6 24. Reb2 Bc3 25. Rb3 Rd7 26. Qd3 Kd8 27. Nd2 Bxd2
28. Qxd2 Ke7 29. Rc1 Na4 30. f4 Nc3 31. Qd3 Nd5 32. fxg5 hxg5 33. Qf3 d3+ 34.
Kh1 Nf4 35. Bxf4 gxf4 36. Qxf4 Rhd8 37. Rf1 Ke8 38. Rxd3 f5 39. exf6 Rxd3 40.
f7+ Kd7 41. f8=Q Rxf8 42. Qxf8 Qxf8 43. Rxf8 Rd4 44. Rf7+ Kd6 45. Rxa7 Rxc4 46.
g4 e5 47. Kg2 Ke6 48. Ra3 e4 49. Kf2 Ke5 50. Ke3 c5 51. Rb3 Rc1 52. Kd2 Ra1 53.
a3 Kd4 0-1

[Event "CUPA GALACIUC 2008"]
[Site "?"]
[Date "2008.06.06"]
[Round "3.6"]
[White "Jugaru, Lucian"]
[Black "Strambu, Mihai"]
[Result "1-0"]
[WhiteElo "907"]
[BlackElo "1129"]
[PlyCount "66"]
[EventDate "2008.06.06"]

1. e4 e6 2. d4 c5 3. Nf3 cxd4 4. Nxd4 Nf6 5. Nc3 Nc6 6. a3 d6 7. Be2 a6 8. O-O
Be7 9. Kh1 O-O 10. f4 Qc7 11. Bf3 Bd7 12. Nb3 b5 13. Be3 Rab8 14. Qe2 b4 15.
axb4 Nxb4 16. Rfd1 Bc6 17. Qf2 Rfd8 18. Na5 d5 19. Ba7 dxe4 20. Bxb8 Rxb8 21.
Nxc6 Qxc6 22. Be2 Bc5 23. Qg3 Nxc2 24. Rxa6 Qc8 25. Na4 Be3 26. f5 Nd5 27. Rc6
Qe8 28. f6 g5 29. Rxc2 Bf4 30. Qa3 Ne3 31. Rcd2 Nxd1 32. Rxd1 Ra8 33. Qe7 Be5
1-0

[Event "CUPA GALACIUC 2008"]
[Site "?"]
[Date "2008.06.06"]
[Round "7.5"]
[White "Stanciu, Anton"]
[Black "Jugaru, Lucian"]
[Result "1-0"]
[WhiteElo "1079"]
[BlackElo "907"]
[PlyCount "95"]
[EventDate "2008.06.06"]

1. d4 Nf6 2. Nf3 g6 3. Nc3 Bg7 4. e4 d6 5. h3 O-O 6. Bd3 Nbd7 7. Be3 e5 8. d5
c6 9. dxc6 bxc6 10. Bc4 Nb6 11. Bb3 Ba6 12. Qd2 Nc4 13. Bxc4 Bxc4 14. O-O-O Ne8
15. Bh6 f5 16. Bxg7 Kxg7 17. Nxe5 Bg8 18. exf5 Rxf5 19. Nxc6 Qc7 20. Nd4 Rf8
21. Ndb5 Qc5 22. f3 Rd8 23. Rhe1 a6 24. Re7+ Rf7 25. Rxf7+ Bxf7 26. Qd4+ Qxd4
27. Nxd4 d5 28. Re1 Rd7 29. Kd2 Nd6 30. b3 Nb7 31. a4 Kf6 32. g4 Nc5 33. h4 h6
34. b4 Ne6 35. g5+ hxg5 36. Nxe6 Bxe6 37. hxg5+ Kf5 38. f4 Bf7 39. Rf1 Rb7 40.
b5 d4 41. Ne2 axb5 42. Nxd4+ Ke4 43. Nxb5 Rb6 44. Re1+ Kf5 45. Nd4+ Kxf4 46.
Rf1+ Ke4 47. Rxf7 Kxd4 48. Rf6 1-0

[Event "CUPA GALACIUC 2008"]
[Site "?"]
[Date "2008.06.06"]
[Round "2.8"]
[White "Toader, GHEORGHE."]
[Black "Jugaru, Lucian"]
[Result "0-1"]
[WhiteElo "554"]
[BlackElo "907"]
[PlyCount "83"]
[EventDate "2008.06.06"]

1. e4 c5 2. Nf3 d6 3. d4 cxd4 4. Nxd4 Nf6 5. Nc3 a6 6. Be2 e6 7. O-O Nbd7 8. f4
b5 9. Kh1 Bb7 10. Bf3 b4 11. Nd5 exd5 12. exd5 Be7 13. Re1 O-O 14. Nc6 Bxc6 15.
dxc6 Nb6 16. c7 Qxc7 17. Bxa8 Rxa8 18. Qe2 Bf8 19. a3 Re8 20. Qf2 Qxc2 21. Qg1
Rxe1 22. Qxe1 b3 23. Be3 Nbd7 24. Bd4 d5 25. Rc1 Qd3 26. Qc3 Qf5 27. g3 a5 28.
Re1 a4 29. Qa5 h5 30. Qxa4 Qc2 31. Qb5 Qd2 32. Bc3 Qc2 33. Re2 Qd1+ 34. Kg2 h4
35. Re1 Qc2+ 36. Re2 Qd1 37. Re1 Qg4 38. Qxb3 h3+ 39. Kf2 Bc5+ 40. Re3 Ne4+ 41.
Ke1 Bxe3 42. Qxd5 0-1

[Event "CUPA GALACIUC 2008"]
[Site "?"]
[Date "2008.06.06"]
[Round "4.3"]
[White "Tufa, Mihai"]
[Black "Jugaru, Lucian"]
[Result "1-0"]
[WhiteElo "1094"]
[BlackElo "907"]
[PlyCount "41"]
[EventDate "2008.06.06"]

1. e4 c5 2. c3 d5 3. exd5 Qxd5 4. d4 cxd4 5. cxd4 Nc6 6. Nf3 Bg4 7. Nc3 Qa5 8.
d5 Ne5 9. Qb3 Nxf3+ 10. gxf3 Bd7 11. Qxb7 Rd8 12. Be3 Nf6 13. b4 Qa3 14. Nb5
Bxb5 15. Bxb5+ Nd7 16. Bxd7+ Rxd7 17. Qb8+ Rd8 18. Qb5+ Rd7 19. Rc1 e6 20. Rc8+
Ke7 21. d6+ 1-0

[Event "CUPA GALACIUC 2008"]
[Site "?"]
[Date "2008.??.??"]
[Round "1.3"]
[White "Jugaru, Lucian"]
[Black "Daianu, Cristian Clement"]
[Result "0-1"]
[WhiteElo "907"]
[BlackElo "1228"]
[PlyCount "71"]
[EventDate "2008.06.06"]

1. e4 c5 2. Nf3 d6 3. d4 cxd4 4. Nxd4 Nf6 5. Nc3 a6 6. Be2 e5 7. Nb3 Be6 8. a4
Be7 9. O-O O-O 10. Kh1 d5 11. exd5 Nxd5 12. Nxd5 Bxd5 13. f3 Nc6 14. Be3 Be6
15. Nc5 Bf5 16. c3 Qc7 17. b4 Rfd8 18. Qb3 Bxc5 19. bxc5 Bd3 20. Qa2 Qa5 21.
Bg5 Rd7 22. Rfd1 e4 23. fxe4 Qxc5 24. Rxd3 Rxd3 25. Bxd3 Qxg5 26. Bc4 Ne5 27.
Bd5 Rd8 28. Rf1 Rd7 29. h3 g6 30. Rb1 Nd3 31. Qc4 Nf4 32. Rb2 Nxd5 33. exd5
Rxd5 34. Kh2 Qe5+ 35. g3 Rc5 36. Qd4 0-1